000 00315nam a22001337a 4500
008 170609b xxu||||| |||| 00| 0 eng d
020 _a9781402757891
041 _aeng
080 _a94(7/8)
100 _a19
101 _aSHP
245 _aTHE STRANGE DEATH OF REPUBLICAN AMERICA
_cBLUMENTHAL,S
942 _2udc
_cBK
999 _c16769
_d16769